История СССР: учебник; Т. 1; С древнейших времён до конца XVIII века

Détails bibliographiques
Collectivités auteurs: Академия наук СССР (АН СССР) Институт истории, Московский государственный университет им. М. В. Ломоносова Исторический факультет Кафедра истории СССР
Autres auteurs: Греков Б. Д. Борис Дмитриевич (редактор)
Langue:russe
Publié: Москва, ОГИЗ, 1948
Édition:2-е изд.
Sujets:
Format: Livre
KOHA link:https://koha.lib.tpu.ru/cgi-bin/koha/opac-detail.pl?biblionumber=351349

MARC

LEADER 00000nam0a2200000 4500
001 351349
005 20241126063154.0
035 |a (RuTPU)RU\TPU\retro\6375 
090 |a 351349 
100 |a 20190603d1948 m y0rusy50 ca 
101 0 |a rus 
102 |a RU 
105 |a y j 001zy 
200 1 |a История СССР  |c учебник  |h Т. 1  |i С древнейших времён до конца XVIII века  |e учебник  |f Институт истории АН СССР ; Московский государственный университет им. М. В. Ломоносова ; под ред. Б. Д. Грекова 
205 |a 2-е изд. 
210 |a Москва  |c ОГИЗ  |c Госполитиздат  |d 1948 
215 |a 744 с. 
316 |5 63413507: КР-6462  |a На переднем форзаце владельческая надпись: "А. Воробьев. Томск. 14.1.49 г." 
317 |5 63413507: КР-6462  |a Поступил в НТБ в 1987 г. в дар от вдовы ученого Е. К. Завадовской 
320 |a Библиогр.: с. 703-727 
606 |a Россия  |x История  |7 ca  |8 rus  |2 stltpush  |3 (RuTPU)RU\TPU\subj\64777  |9 81526 
610 1 |a библиотека А. А. Воробьева 
610 1 |a учебники 
610 1 |a первобытно-общинный строй 
610 1 |a рабовладельческий строй 
610 1 |a Восточная Европа 
610 1 |a племенные союзы 
610 1 |a Закавказье 
610 1 |a Средняя Азия 
610 1 |a феодальные отношения 
610 1 |a Сибирь 
610 1 |a Киевское государство 
610 1 |a феодальная раздробленность 
610 1 |a русские княжества 
610 1 |a монгольское владычество 
610 1 |a шведско-немецкая агрессия 
610 1 |a Северо-Восточная Русь 
610 1 |a Великое княжество Литовское 
610 1 |a феодальная монархия 
610 1 |a крестьянские войны 
610 1 |a Польско-шведская интервенция 
610 1 |a абсолютная монархия 
610 1 |a Московское царство 
610 1 |a Российская империя 
610 1 |a дворянская империя 
610 1 |a Французская революция 1789-1799 
610 1 |a русская классика 
610 1 |a владельческая надпись 
686 |a Т3(2)я73  |v LBC/SL-A  |2 rubbk 
702 1 |a Греков  |b Б. Д.  |c российский историк  |c история русского средневековья  |f 1882-1953  |g Борис Дмитриевич  |2 stltpush  |3 (RuTPU)RU\TPU\pers\9704  |4 340  |9 1941 
712 0 2 |a Академия наук СССР (АН СССР)  |b Институт истории  |c (1936-1968)  |c (Москва)  |2 stltpush  |3 (RuTPU)RU\TPU\col\3279 
712 0 2 |a Московский государственный университет им. М. В. Ломоносова  |b Исторический факультет  |b Кафедра истории СССР  |2 stltpush  |3 (RuTPU)RU\TPU\col\7 
801 1 |a RU  |b 63413507  |c 20190603 
801 2 |a RU  |b 63413507  |c 20191031  |g RCR 
942 |c BK